Issues and actors in the global political economy / (Record no. 21985)
[ view plain ]
| 000 -LEADER | |
|---|---|
| fixed length control field | 01462cam a22002655a 4500 |
| 001 - CONTROL NUMBER | |
| control field | 10785466 |
| 005 - DATE AND TIME OF LATEST TRANSACTION | |
| control field | 20201128023751.0 |
| 008 - FIXED-LENGTH DATA ELEMENTS--GENERAL INFORMATION | |
| fixed length control field | 131024s2014 enka frb 001 0 eng d |
| 020 ## - INTERNATIONAL STANDARD BOOK NUMBER | |
| International Standard Book Number | 9780230289161 |
| 040 ## - CATALOGING SOURCE | |
| Original cataloging agency | BTCTA |
| Language of cataloging | eng |
| Transcribing agency | BTCTA |
| Modifying agency | BDX |
| -- | UKMGB |
| -- | YDXCP |
| -- | CDX |
| -- | DJB |
| -- | NhCcYBP |
| -- | EG-ScBUE |
| 082 04 - DEWEY DECIMAL CLASSIFICATION NUMBER | |
| Classification number | 337.0 |
| Edition number | 22 |
| Item number | BRO |
| 100 1# - MAIN ENTRY--PERSONAL NAME | |
| Personal name | Broome, André, |
| Dates associated with a name | 1978- |
| 9 (RLIN) | 40363 |
| 245 10 - TITLE STATEMENT | |
| Title | Issues and actors in the global political economy / |
| Statement of responsibility, etc | André Broome. |
| 260 ## - PUBLICATION, DISTRIBUTION, ETC. (IMPRINT) | |
| Place of publication, distribution, etc | Hampshire ; |
| -- | New York : |
| Name of publisher, distributor, etc | Palgrave Macmillan, |
| Date of publication, distribution, etc | 2014. |
| 300 ## - PHYSICAL DESCRIPTION | |
| Extent | xviii, 324 p. : |
| Other physical details | ill. ; |
| Dimensions | 24 cm. |
| 500 ## - GENERAL NOTE | |
| General note | Index : p. 313-324. |
| 504 ## - BIBLIOGRAPHY, ETC. NOTE | |
| Bibliography, etc | Bibliography : p. 285-312.<br/> |
| 505 0# - FORMATTED CONTENTS NOTE | |
| Formatted contents note | Introduction to international political economy -- Theoretical perspectives in international political economy -- Contemporary debates in international political economy -- State actors -- International organizations -- Club forums -- Market actors -- Non-governmental organizations -- Everyday actors -- Global trade -- Global money and national currencies -- Global capital mobility -- Financial crises -- Sovereign debt -- Tax and welfare -- Global poverty and development -- resource competition and energy -- The environment and climate change. |
| 650 #7 - SUBJECT ADDED ENTRY--TOPICAL TERM | |
| Topical term or geographic name as entry element | International economic relations. |
| Source of heading or term | BUEsh |
| 9 (RLIN) | 3036 |
| 650 #7 - SUBJECT ADDED ENTRY--TOPICAL TERM | |
| Topical term or geographic name as entry element | Globalization |
| General subdivision | Economic aspects. |
| Source of heading or term | BUEsh |
| 9 (RLIN) | 3901 |
| 650 #7 - SUBJECT ADDED ENTRY--TOPICAL TERM | |
| Topical term or geographic name as entry element | Globalization |
| General subdivision | Political aspects. |
| Source of heading or term | BUEsh |
| 9 (RLIN) | 3902 |
| 651 ## - SUBJECT ADDED ENTRY--GEOGRAPHIC NAME | |
| Source of heading or term | BUEsh |
| 653 ## - INDEX TERM--UNCONTROLLED | |
| Resource For college | Law |
| Arrived date list | July2016 |
| 942 ## - ADDED ENTRY ELEMENTS (KOHA) | |
| Source of classification or shelving scheme | Dewey Decimal Classification |
| Withdrawn status | Item status | Source of classification or shelving scheme | Damaged status | Not for loan | Vendor | Home library | Current library | Shelving location | Date acquired | Source of acquisition | Cost, normal purchase price | Serial Enumeration / chronology | Total Checkouts | Full call number | Barcode | Date last seen | Date last borrowed | Cost, replacement price | Koha item type |
|---|---|---|---|---|---|---|---|---|---|---|---|---|---|---|---|---|---|---|---|
| Dewey Decimal Classification | Baccah | Central Library | Central Library | First floor | 20/07/2016 | Purchase | 406.00 | 26080 | 1 | 337.0 BRO | 000032895 | 15/07/2025 | 22/06/2017 | 507.50 | Book - Borrowing | ||||
| Dewey Decimal Classification | Baccah | Central Library | Central Library | First floor | 20/07/2016 | Purchase | 406.00 | 26080 | 337.0 BRO | 000032896 | 15/07/2025 | 507.50 | Book - Borrowing |